Night and fog.

Ten years after the liberation of the Nazi concentration camps, filmmaker Alain Resnais documented the abandoned grounds of Auschwitz. One of the first cinematic reflections on the horrors of the Holocaust, Night and fog (nuit et brouillard) contrasts the stillness of the abandoned camps' quiet...

Full description

Bibliographic Details
Corporate Author: Kanopy (Firm)
Format: Video
Language:French
Published: [San Francisco, California, USA] : Kanopy Streaming, 2014.
Subjects:
Online Access:Connect to this streaming video

MARC

Tag First Indicator Second Indicator Subfields
LEADER 00000cgm a2200000 i 4500
001 in00003585021
005 20211114220751.0
006 m o c
007 vz uzazuu
007 cr una---unuuu
008 140717p20141955cau031 o vlfre d
028 5 2 |a 1113009  |b Kanopy 
035 |a (OCoLC)897772273 
035 |a (CaSfKAN)kan1113009 
040 |a UtOrBLW  |b eng  |e rda  |c UtOrBLW  |d UtOrBLW 
245 0 0 |a Night and fog. 
264 1 |a [San Francisco, California, USA] :  |b Kanopy Streaming,  |c 2014. 
300 |a 1 online resource (1 video file, approximately 31 minutes) :  |b digital, .flv file, sound 
336 |a two-dimensional moving image  |b tdi  |2 rdacontent 
337 |a computer  |b c  |2 rdamedia 
338 |a online resource  |b cr  |2 rdacarrier 
344 |a digital 
347 |a video file  |b MPEG-4  |b Flash 
500 |a Title from title frames. 
518 |a Originally produced by Criterion Collection/Janus Films in 1955. 
520 |a Ten years after the liberation of the Nazi concentration camps, filmmaker Alain Resnais documented the abandoned grounds of Auschwitz. One of the first cinematic reflections on the horrors of the Holocaust, Night and fog (nuit et brouillard) contrasts the stillness of the abandoned camps' quiet, empty buildings with haunting wartime footage. With Night and fog, Resnais investigates the cyclical nature of man's violence toward man and presents the unsettling suggestion that such horrors could come again. 
538 |a Mode of access: World Wide Web. 
650 0 |a Holocaust, Jewish (1939-1945)  |0 http://id.loc.gov/authorities/subjects/sh85061515 
610 2 0 |a Auschwitz (Concentration camp)  |x Buildings.  |0 http://id.loc.gov/authorities/subjects/sh2002007106 
650 0 |a Documentary films.  |0 http://id.loc.gov/authorities/subjects/sh85088115 
655 7 |a Feature films.  |2 lcgft  |0 http://id.loc.gov/authorities/genreForms/gf2011026247 
655 7 |a Documentary films.  |2 lcgft  |0 http://id.loc.gov/authorities/genreForms/gf2011026205 
700 1 |a Resnais, Alain,  |d 1922-2014,  |e filmmaker.  |0 http://id.loc.gov/authorities/names/n50045194 
710 2 |a Kanopy (Firm)  |0 http://id.loc.gov/authorities/names/no2014091415 
856 4 0 |u http://proxy.library.tamu.edu/login?url=https://texasam.kanopy.com/node/113010  |z Connect to this streaming video  |t 0 
955 |a Kanopy PDA Purchase 
955 |a Kanopy PDA Purchase October 31 2021 
980 |b 150.00  |g 1 
999 f f |s 037b26bd-617b-3057-bd97-cea345311a63  |i e2f2cfaf-73de-3315-a9e4-6870110fc205  |t 0 
952 f f |a Texas A&M University  |b College Station  |c Electronic Resources  |d Available Online  |t 0  |e 1113009  |h Other scheme 
998 f f |a 1113009  |t 0  |l Available Online